[Event "Gladiators May 27th"]
[Site "Chess.com INT"]
[Date "2020.05.27"]
[Round "10"]
[White "Kuzubov, Yuriy"]
[Black "Ponomariov, Ruslan"]
[Result "1/2-1/2"]
[WhiteElo "2643"]
[BlackElo "2631"]
[PlyCount "104"]
[EventDate "2020.05.27"]
[EventType "match (blitz)"]
[EventRounds "10"]
[EventCountry "UKR"]
[SourceTitle "CBM 196 Extra"]
[Source "ChessBase"]
[SourceDate "2020.07.31"]
[SourceVersion "1"]
[SourceVersionDate "2020.07.31"]
[SourceQuality "1"]

1. c4 e6 2. Nc3 b6 3. Nf3 Bb7 4. a3 g6 5. d4 Bg7 6. e4 Ne7 7. h4 h6 8. Bf4 d6
9. Qd2 Nd7 10. Bd3 e5 11. Be3 exd4 12. Nxd4 Nc5 13. Bc2 Qd7 14. Rd1 O-O-O 15.
b4 Ne6 16. Ba4 c6 17. O-O Kb8 18. Rfe1 Nc8 19. b5 Nxd4 20. Bxd4 Bxd4 21. Qxd4
c5 22. Qd2 Qe7 23. g3 g5 24. h5 Qe5 25. Nd5 g4 26. Nf4 Rhe8 27. Bc2 Ne7 28. a4
Ng8 29. a5 Nf6 30. axb6 axb6 31. Nd5 Nxd5 32. exd5 Qxh5 33. Qf4 Kc7 34. Bf5 Bc8
35. Bxc8 Rxc8 36. Re4 f5 37. Re3 Rxe3 38. Qxe3 Re8 39. Qa3 Rb8 40. Qe3 Qe8 41.
Qxh6 Qe7 42. Ra1 Kb7 43. Qd2 Ra8 44. Rxa8 Kxa8 45. Qe3 Qf8 46. Qe6 Kb7 47. Qd7+
Kb8 48. Qc6 Qd8 49. Kg2 Ka7 50. Kg1 Kb8 51. Kg2 Ka7 52. Kg1 Kb8 1/2-1/2